| 000 | 00330nam a2200109Ia 4500 | ||
|---|---|---|---|
| 008 | 220204s9999 xx 000 0 und d | ||
| 082 |
_a331.2(548.3) _bKER |
||
| 245 | 0 | _aKerala minimum wages rules 1958 (corrected upto 31st December 1966) | |
| 260 |
_aTrivandrum _bKerala Gazette _c1958 |
||
| 650 | _aMinimum wages rules | ||
| 942 | _cBK | ||
| 999 |
_c21968 _d21968 |
||